LEADER 01142nam a2200253 i 4500 001 000000045403 003 CaOOAMICUS 005 20101007000000.0 008 101007n it u000 u fre u 013 $a16573 040 $aSeMil$bita 245 10$aUtopie, foi, loi :$b1993-1994. 300 $a164 p. 490 0 $aCycle des études du doctorat : documents de travail 500 $aFront. mancante, dati dalla copertina. - Dono di Mons. Antonio Rimoldi. 650 4$aChiesa - Storia.$0(OLS)http://semarc/subject/8 650 4$aDispense scolastiche.$0(OLS)http://semarc/subject/526 700 1 $aPlongeron, Bernard.$0(OLS)http://semarc/name/1590 773 0 $aPlongeron, Bernard$tAutorite et les autorites en regime de civilisation chretienne.$dParis : Institut Catholique de Paris, [19--?]$gTome17$w()1750 830 0$aCycle des études du doctorat : documents de travail.$0(OLS)http://semarc/title/345 850 $aSeMil 852 $aSeMil$W1$xVenegono$y1$m6X III 62$j11558$B11558$CSeMilBibl$Z2$F11558 $8B 961 $aOmaggio: Rimoldi mons. Antonio 996 $6245$aUtopie, foi, loi :$b1993-1994$9(OLS)http://semarc/title/67483 LEADER 01476nam a2200301 i 4500 001 000000051585 003 CaOOAMICUS 005 20131113000000.0 008 131113s1968 xx u000 u fre u 013 $a22757 040 $aSeMil$bita 100 1 $aGarceau, Benoît .$0(OLS)http://semarc/name/25497 245 10$aJudicium :$bvocabulaire, sources, doctrine de saint Thomas d'Aquin /$cpar Benoit Garceau. 260 $aParis :$bLibrairie Philosophique J. Vrin,$c1968. 260 $aMontréal :$bInstitut d'études médiévales,$c1968. 300 $a286 p. ;$c26 cm. 490 0 $aPublications de l'Institut d'études medievales ;$v20. 650 4$aGiudizio .$0(OLS)http://semarc/subject/10620 650 4$aGiudizio - Concezione [di] Tommaso : d'Aquino.$0(OLS)http://semarc/subject/10621 830 0$aPublications de l'Institut d'études medievales ;$v20.$0(OLS)http://semarc/title/15499 850 $aSeMil 852 $aSeMil$W1$xVenegono$y1$m2N I 175$j17740$B17740$CSeMilBibl$Z2$F17741 $81 961 $aAcquisto: Casa editrice 983 0$aPublications de l'Institut d'études médiévales d'Ottawa. 996 $6245$aJudicium :$bvocabulaire, sources, doctrine de saint Thomas d'Aquin$9(OLS)http://semarc/title/79058 996 $6260$aMontréal :$bInstitut d'études médiévales$9(OLS)http://semarc/publisher/33227 996 $6260$aParis :$bLibrairie Philosophique J. Vrin$9(OLS)http://semarc/publisher/30022